000 00930nam0a22002411 4500
001 rc\2945159
005 20200706122128.0
035 _a(NLR Aleph) 007093504
090 _a6598286
_c6598286
100 _a20110826d1934 |||y0rusy50 ca
101 0 _arus
102 _aRU
105 _aa z |||||
200 1 _aДистанционный пневматический компас выпуска 1934 г.
_fСост. Д.Б. Пебарт
_gУпр. воен.-возд. сил РККА
210 _aМосква
_aЛенинград
_cОтд. Изд-ва Нар. ком. обороны СССР
_d1934
_eМосква
_gЦентр. тип. им. К. Ворошилова
215 _aОбл., 69, [1] с., 3 вкл. л. черт.
_cил., черт.
_d16×11 см
700 1 _aПебарт
_bД. Б.
801 0 _aRU
_bNLR
_gpsbo
801 1 _aRU
_bELAR
_2rusmarc
852 _aNLR
_j34-8/2292
942 _cBOOK
980 _aNB